Incan Emperors Quiz Stats

 Plays Quiz not verified by Sporcle

Score 0/17 Timer 04:00
0 Plays Today
Reign Sapa-Inca % Correct
1527-1532 ADHuascar
63.6%
1438-1471 ADPachacuti
61%
1532-1533 ADAtahualpa
55.8%
1200-1230 ADManco Capac
45.5%
1493-1527 ADHuayna Capac
40.3%
1571-1572 ADTupac Amaru
33.8%
1410-1438 ADViracocha
32.5%
1350-1380 ADInca Roca
29.9%
1230-1260 ADSinchi Roca
26%
Reign Sapa-Inca % Correct
1290-1320 ADMayta Capac
24.7%
1533-1544 ADManco Inca Yupanqui
22.1%
1471-1493 ADTúpac Inca Yupanqui
20.8%
1260-1290 ADLloque Yupanqui
16.9%
1560-1571 ADTitu Cusi
16.9%
1320-1350 ADCapac Yupanqui
13%
1544–1560 ADSayri Tupac
13%
1380-1410 ADYahuar Huacac
10.4%

You're not logged in!

Compare scores with friends on all Sporcle quizzes.
OR
Log In

Show Comments

Extras

Top Quizzes Today


Score Distribution

Your Account Isn't Verified!

In order to create a playlist on Sporcle, you need to verify the email address you used during registration. Go to your Sporcle Settings to finish the process.

Report this User

Report this user for behavior that violates our Community Guidelines.

Details: